<?xml version="1.0" encoding="UTF-8"?>
<record
    xmlns:xsi="http://www.w3.org/2001/XMLSchema-instance"
    xsi:schemaLocation="http://www.loc.gov/MARC21/slim http://www.loc.gov/standards/marcxml/schema/MARC21slim.xsd"
    xmlns="http://www.loc.gov/MARC21/slim">

  <leader>00783nam a22002297a 4500</leader>
  <controlfield tag="005">20160209115309.0</controlfield>
  <controlfield tag="008">a031204s2002    sp            000 0 spa u</controlfield>
  <datafield tag="020" ind1=" " ind2=" ">
    <subfield code="a">8489922640 (A. Madrid Vicente ediciones )</subfield>
  </datafield>
  <datafield tag="020" ind1=" " ind2=" ">
    <subfield code="a">8484760251 (Mundi-Prensa ediciones )</subfield>
  </datafield>
  <datafield tag="100" ind1="1" ind2=" ">
    <subfield code="a">Chamorro, Ma. Concepci&#xF3;n.</subfield>
  </datafield>
  <datafield tag="245" ind1="1" ind2="3">
    <subfield code="a">El an&#xE1;lisis sensorial de los quesos /</subfield>
    <subfield code="c">Ma. Concepci&#xF3;n Chamorro, Manuel M. Losada.</subfield>
  </datafield>
  <datafield tag="250" ind1=" " ind2=" ">
    <subfield code="a">1a ed.</subfield>
  </datafield>
  <datafield tag="260" ind1=" " ind2=" ">
    <subfield code="a">Madrid, Espa&#xF1;a :</subfield>
    <subfield code="b">Ediciones mundi-prensa, </subfield>
    <subfield code="c">2002</subfield>
  </datafield>
  <datafield tag="300" ind1=" " ind2=" ">
    <subfield code="a">235 p. :</subfield>
    <subfield code="b">il, ;</subfield>
    <subfield code="c">23 cm.</subfield>
  </datafield>
  <datafield tag="490" ind1="0" ind2=" ">
    <subfield code="a">Tecnolog&#xED;a de alimentos.</subfield>
  </datafield>
  <datafield tag="500" ind1=" " ind2=" ">
    <subfield code="a">Rec. Prop. Esc.</subfield>
  </datafield>
  <datafield tag="504" ind1=" " ind2=" ">
    <subfield code="a">Incluye bibliograf&#xED;a e &#xED;ndice.</subfield>
  </datafield>
  <datafield tag="650" ind1=" " ind2="4">
    <subfield code="a">Quesos </subfield>
    <subfield code="x">An&#xE1;lisis</subfield>
  </datafield>
  <datafield tag="700" ind1="1" ind2=" ">
    <subfield code="a">Losada, Manuel M., </subfield>
    <subfield code="e">coaut.</subfield>
  </datafield>
  <datafield tag="942" ind1=" " ind2=" ">
    <subfield code="2">lcc</subfield>
    <subfield code="c">LIB</subfield>
  </datafield>
  <datafield tag="999" ind1=" " ind2=" ">
    <subfield code="c">56669</subfield>
    <subfield code="d">56669</subfield>
  </datafield>
  <datafield tag="952" ind1=" " ind2=" ">
    <subfield code="1">0</subfield>
    <subfield code="2">lcc</subfield>
    <subfield code="4">0</subfield>
    <subfield code="7">0</subfield>
    <subfield code="a">LIC-013</subfield>
    <subfield code="b">LIC-013</subfield>
    <subfield code="c">GENERAL</subfield>
    <subfield code="d">2015-08-25</subfield>
    <subfield code="f">1a ed.</subfield>
    <subfield code="k">CA</subfield>
    <subfield code="o">SF271 .2 C36 2002</subfield>
    <subfield code="p">MVZ000002703</subfield>
    <subfield code="r">2015-08-25 00:00:00</subfield>
    <subfield code="t">C:1</subfield>
    <subfield code="y">LIB</subfield>
  </datafield>
  <datafield tag="952" ind1=" " ind2=" ">
    <subfield code="1">0</subfield>
    <subfield code="2">lcc</subfield>
    <subfield code="4">0</subfield>
    <subfield code="7">0</subfield>
    <subfield code="a">INV-038</subfield>
    <subfield code="b">INV-038</subfield>
    <subfield code="c">GENERAL</subfield>
    <subfield code="d">2018-08-27</subfield>
    <subfield code="f">1a</subfield>
    <subfield code="k">IT</subfield>
    <subfield code="o">SF 271.2 C53 2002</subfield>
    <subfield code="p">BIIA000000118</subfield>
    <subfield code="r">2018-08-27 00:00:00</subfield>
    <subfield code="t">0</subfield>
    <subfield code="y">LIB</subfield>
  </datafield>
</record>
